000 00559nam a2200181Ia 4500
005 20250508163911.0
008 008 250505s9999 xx 000 0 eng d
020 _a0-1956-5515-X
037 _aReference
040 _aFEDL
_beng
_cFEDL
041 _aeng
_2eng
084 _a330.9, NCA
_qFEDL
245 0 _aSourth India human development report : National council of applied economic research
260 _aNew Delhi, India
_bOxford University Press
_c2001
300 _axxii,442p.
942 _cREF
_h330.9, NCA
999 _c1385871
_d1385871